| 000 | 00775cam a2200253 4500 | ||
|---|---|---|---|
| 001 | ABS65012 | ||
| 008 | 020213n2002 000 0 eng u | ||
| 035 | _a(Sirsi) u116726 | ||
| 245 | _aFocus 2002: Cambridgeshire | ||
| 260 | _c2002 | ||
| 490 |
_aEstates Gazette _v(0206) 9 February 2002, 77-105(13) |
||
| 590 | _aABS | ||
| 650 | _aCAMBRIDGESHIRE | ||
| 650 | _aCAMBRIDGE | ||
| 650 | _aPETERBOROUGH | ||
| 650 | _aOFFICE SPACE | ||
| 650 | _aPROPERTY-COMMERCIAL PROPERTY-RETAIL PROPERTY-RETAIL PROPERTY MARKET | ||
| 650 | _aINDUSTRIAL MARKET | ||
| 650 | _aPROPERTY-COMMERCIAL PROPERTY-OFFICE PROPERTY-OFFICE PROPERTY MARKET | ||
| 650 | _aHOUSING | ||
| 650 | _aBUSINESS PARKS | ||
| 690 | _aPROPERTY-COMMERCIAL PROPERTY-COMMERCIAL PROPERTY MARKET | ||
| 942 | _n0 | ||
| 999 |
_c69529 _d69529 |
||